| 000 | 02194cam a22005054i 4500 | ||
|---|---|---|---|
| 003 | PE-LiUPU | ||
| 005 | 20250731165617.0 | ||
| 008 | 150623s r 000 0 d | ||
| 020 | _a8430111514 | ||
| 035 | _a(Sirsi) i9788430111510 | ||
| 040 |
_aPE-LiUPU _bspa _cPE-LiUPU _erda |
||
| 049 | _aPRUA | ||
| 082 | 0 | 4 |
_a203.81 _bD66 _221 |
| 245 | 0 | 0 |
_aDiccionario patrístico y de la antigüedad cristiana. _n2,J - Z / _cdirigido por Angelo Di Berardino ; [traductores del italiano, Alfonso Ortiz García, Jose Manuel Guirau. |
| 264 | 1 |
_aSalamanca : _bEdiciones Sígueme, _c1991. |
|
| 300 |
_a2300 páginas ; _c25 centímetros |
||
| 336 |
_atext _2rdacontent |
||
| 337 |
_aunmediated _2rdamedia |
||
| 338 |
_avolume _2rdacarrier |
||
| 505 | 0 | _aDiccionario patrístico y de la antigüedad cristiana en dos tomos: 1:A-I. -2:J-Z. | |
| 526 | _aSEG44 | ||
| 526 | _aSEG26 | ||
| 526 | _aP151 | ||
| 526 | _aP150 | ||
| 526 | _aP149 | ||
| 526 | _aP146 | ||
| 526 | _aP145 | ||
| 526 | _aP126 | ||
| 526 | _aP125 | ||
| 526 | _aP92 | ||
| 526 | _aP75 | ||
| 526 | _aP74 | ||
| 526 | _aP27 | ||
| 526 | _aP15 | ||
| 650 | 0 | 4 |
_aPatrística _vDiccionarios. |
| 700 | 1 |
_aDi Berardino, Angelo, _edir. |
|
| 942 |
_2ddc _cBOOK |
||
| 949 |
_aRC 203.81 D66 1 _wDEWEY _c1 _i33849 _lCCODEBUL1 _mBUL _r0 _sY _tBOOK _u2015-6-16 _xTEOLOGIA _zUNKNOWN _0COMPRA _o.CIRCNOTE. No olvidar cambiar la fecha de devolución!!!!!!! _o.STAFF. Colección General |
||
| 949 |
_aRC 203.81 D66 2 _wDEWEY _c1 _i33850 _lCCODEBUL1 _mBUL _r0 _sY _tBOOK _u2015-6-24 _xTEOLOGIA _PP35 _0COMPRA _o.CIRCNOTE. No olvidar cambiar la fecha de devolución!!!!!!! _o.STAFF. Colección General |
||
| 994 |
_aC0 _bPEPRU |
||
| 596 | _a1 | ||
| 999 |
_aRC 203.81 D66 1 _wDEWEY _c56537 _i33849 _d56537 _f2021-11-8 _g7 _lCCODEBUL1 _mBUL _q1 _r1 _sY _tBOOK _u2015-6-16 _xTEOLOGIA _zUNKNOWN _0COMPRA _o.CIRCNOTE. No olvidar cambiar la fecha de devolución!!!!!!! _o.STAFF. Colección General |
||
| 999 |
_aRC 203.81 D66 2 _wDEWEY _c1 _i33850 _d2018-9-7 _f2019-2-21 _g4 _lCCODEBUL1 _mBUL _q1 _r0 _sY _tBOOK _u2015-6-24 _xTEOLOGIA _PP35 _0COMPRA _o.CIRCNOTE. No olvidar cambiar la fecha de devolución!!!!!!! _o.STAFF. Colección General |
||
| 980 |
_81 _gALBERTO SANCHEZ Responsable de Automatización |
||